| 000 | 01118nam a22002537a 4500 | ||
|---|---|---|---|
| 001 | 7568 | ||
| 003 | FISKH | ||
| 005 | 20250724103533.0 | ||
| 008 | 250724b cb ||||| |||| 00| 0 eng d | ||
| 040 |
_aFISKH _beng _cFISKH _dFISKH |
||
| 050 | _aPZ7 | ||
| 082 | _a428.6 | ||
| 100 | _aSulzby, Elizabeth | ||
| 245 |
_aUpon a shore / _cby Elizabeth Sulzby |
||
| 260 |
_aNew York : _bMcGraw-Hill School Division, _c1989. |
||
| 300 |
_a192 pages : _bcolor illustrations ; _c26 cm |
||
| 505 | _aJ | ||
| 520 | _aUpon a Shore is a simple early reader story that follows a group of children exploring the beach. As they walk along the shore, they observe natural elements such as sand, seashells, seaweed, rocks, and small sea creatures. The text uses repetitive sentence structures, predictable patterns, and illustrations to support beginning readers. The story encourages curiosity about nature and helps children build vocabulary related to the seaside environment. | ||
| 521 | 8 |
_a500
_bLexile estimate |
|
| 521 | 8 |
_aJ
_bRaz-Plus |
|
| 650 | _aChildren's Book | ||
| 942 |
_2ddc _cBK _n0 |
||
| 999 |
_c7568 _d7568 |
||